| Tag |
First Indicator |
Second Indicator |
Subfields |
| LEADER |
00000cam a2200000 4500 |
| 001 |
in00000078272 |
| 005 |
20151008060713.0 |
| 008 |
720120s1971 nyua e 00000 eng |
| 010 |
|
|
|a 70156549
|
| 020 |
|
|
|a 0060138122
|c $13.95
|
| 035 |
|
|
|a (OCoLC)00238300
|
| 035 |
|
|
|9 AAJ6381AM
|
| 040 |
|
|
|a DLC
|c DLC
|d TXA
|d UtOrBLW
|
| 049 |
|
|
|a TXAM
|c [923331]
|
| 050 |
0 |
0 |
|a GV811
|b .E52 1971
|
| 082 |
0 |
|
|a 797.1/24/03
|
| 245 |
0 |
0 |
|a Encyclopedia of sailing /
|c by the editors of One-design & offshore yachtsman.
|
| 250 |
|
|
|a [1st ed.].
|
| 264 |
|
1 |
|a New York :
|b Harper & Row,
|c [1971]
|
| 300 |
|
|
|a viii, 468 pages :
|b illustrations ;
|c 27 cm.
|
| 336 |
|
|
|a text
|b txt
|2 rdacontent
|
| 337 |
|
|
|a unmediated
|b n
|2 rdamedia
|
| 338 |
|
|
|a volume
|b nc
|2 rdacarrier
|
| 650 |
|
0 |
|a Sailing.
|
| 730 |
0 |
|
|a One-design & offshore yachtsman.
|
| 999 |
|
|
|a MARS
|
| 999 |
f |
f |
|s db65cc18-0125-32bd-bc36-a9bc8682cbe9
|i 4f945fa7-4884-30ce-a1a8-db1031525394
|t 0
|
| 952 |
f |
f |
|p ric
|a Texas A&M University
|b Rellis Campus
|c Joint Library Facility
|d Remote Storage
|t 0
|e GV811 .E52 1971
|h Library of Congress classification
|i unmediated -- volume
|m A14805871623
|
| 952 |
f |
f |
|p normal
|a Texas A&M University
|b College Station
|c Sterling C. Evans Library
|d Evans: Library Stacks
|t 0
|e GV811 .E52 1971
|h Library of Congress classification
|i unmediated -- volume
|m A14820049217
|
| 998 |
f |
f |
|a GV811 .E52 1971
|t 0
|l Evans: Library Stacks
|
| 998 |
f |
f |
|a GV811 .E52 1971
|t 0
|l Remote Storage
|